00640 2200229 4500001002100000005001700021008004100038035002400079090001500103100002600118245009200144250001100236260002700247300002500274500002700299650002500326850001300351980001500364985000600379986001000385999001500395YOGYA-0209000002161120090227023546.0 ind  0010-020900000021611 a658bMer B aMERTAWIJAYA, Ramlie R aBerbagai pengendalian intern dan skema arus di dalam perusahaancRamlie R. Mertawidjaja aCet. 1 aBandungbAngkasac1980 a128 hlmbilusc21 cm aBibliografi : hlm. 128 aManajemen Perusahaan aYOPDYOGB a25-08-2006 a1 artrev ab000022201